|
|
|
|
| LEADER |
00000nab a2200000 ar4500 |
| 001 |
vtls009307797 |
| 003 |
SK-MaSNL |
| 005 |
20260303060045.0 |
| 008 |
080630c2008 xo cr|p|||||||000 b|slo |
| 038 |
|
|
|a PPPK
|
| 040 |
|
|
|a PPPKCL
|b slo
|c PPPK
|e AACR2
|
| 041 |
0 |
|
|a slo
|
| 044 |
|
|
|a xo
|c SK
|
| 080 |
|
|
|a 656.1.05-027.45
|x (437.6)
|2 2001
|
| 245 |
0 |
0 |
|a Na cestách akcia Jablko a citrón
|c [autor] (ppt)
|
| 611 |
2 |
7 |
|a Jablko-citrón
|n (8. :
|d 2008 :
|c Poprad, Slovensko)
|2 pppkcl
|9 1052320
|
| 650 |
0 |
7 |
|a cestná premávka
|2 pppkcl
|9 31852
|
| 650 |
0 |
7 |
|a bezpečnosť cestnej premávky
|2 pppkcl
|9 69807
|
| 650 |
0 |
7 |
|a dopravno-preventívne akcie
|2 pppkcl
|9 1052321
|
| 651 |
|
7 |
|a Poprad (Slovensko : okres)
|2 pppkcl
|9 28675
|
| 773 |
0 |
|
|t Poprad : noviny občanov mesta
|g Roč. XIX, č. 37 (2008), s. 1
|
| 852 |
|
|
|a PPPK
|b KIS3GCP
|
| 999 |
|
|
|c 1729949
|d 1731879
|